UM Logo

Information technology: (Record no. 12975)

MARC details
000 -LEADER
fixed length control field 00441nam a2200109 4500
008 - FIXED-LENGTH DATA ELEMENTS--GENERAL INFORMATION
fixed length control field 190206b ||||| |||| 00| 0 eng d
245 ## - TITLE STATEMENT
Title Information technology:
Remainder of title Philippines as a business process outsourcing industry leader with faster internet speed
260 ## - PUBLICATION, DISTRIBUTION, ETC. (IMPRINT)
Place of publication, distribution, etc. San Miguel, Manila :
Name of publisher, distributor, etc. OP-Bureau of Communications Services,
Date of publication, distribution, etc. 2013-c2014.
300 ## - PHYSICAL DESCRIPTION
Extent v22 n5, pages 1-6;
Dimensions 23cm.
650 ## - SUBJECT ADDED ENTRY--TOPICAL TERM
Topical term or geographic name as entry element Information technology
9 (RLIN) 36618
942 ## - ADDED ENTRY ELEMENTS (KOHA)
Source of classification or shelving scheme Dewey Decimal Classification
Koha item type Periodicals
Holdings
Withdrawn status Lost status Source of classification or shelving scheme Damaged status Not for loan Collection code Home library Current library Date acquired Total Checkouts Date last seen Price effective from Koha item type
    Dewey Decimal Classification     Periodicals UM Digos College - LIC UM Digos College - LIC 02/06/2019   02/06/2019 02/06/2019 Periodicals